000 00517cam a2200193ua 4500
020 _a81-7169-084-X
_c160.00
041 _aeng
_h
082 _a553.7
_bTRI/WA
100 _aTrivedi, R N .
245 _aWater resources and quality management /
_cR N Trivedi.
_hTextual Documents
250 _a1 /
_b.
260 _aNew Delhi :
_bCommonwealth Publishers ,
_c1990.
300 _a131 ; .
365 _a160.00
504 _a
700 1 _aShatrunjay Kumar, Singh .
942 _cBK
999 _c10714
_d10714